[Event "Wch Seniors 65 29th"]
[Site "Bucharest"]
[Date "2019.11.18"]
[Round "6"]
[White "Zachariassen, John"]
[Black "Gunnarsson, Lennart"]
[Result "1-0"]
[WhiteElo "1931"]
[BlackElo "1786"]
[PlyCount "95"]
[EventDate "2019.11.12"]
[EventType "swiss"]
[EventRounds "11"]
[EventCountry "ROU"]
[SourceTitle "CBM 193 Extra"]
[Source "ChessBase"]
[SourceDate "2020.01.31"]
[SourceVersion "1"]
[SourceVersionDate "2020.01.31"]
[SourceQuality "1"]

1. c4 Nf6 2. Nf3 e6 3. g3 d5 4. Bg2 Be7 5. 0-0 0-0 6. b3 b6 7. Bb2 Bb7 8. d3 c5 9. cxd5 Nxd5 10. Nbd2 Bf6 11. Bxf6 Nxf6 12. Rc1 Nc6 13. Re1 Qe7 14. Qc2 Rac8 15. Qb2 Rfd8 16. Bh3 h6 17. Nc4 Nd4 18. Nxd4 Rxd4 19. b4 Rd7 20. bxc5 Rxc5 21. d4 Rc8 22. Ne5 Rdc7 23. Nd3 Qd6 24. Rxc7 Rxc7 25. Bg2 Bxg2 26. Kxg2 Qc6+ 27. Kg1 Qa4 28. Rc1 Rxc1+ 29. Nxc1 Qc4 30. Nd3 Qa4 31. Kg2 Qc6+ 32. f3 Qa4 33. e4 Qd1 34. Nf2 Qa4 35. Qd2 Qc6 36. Nd1 b5 37. Ne3 a6 38. h4 Qc7 39. d5 exd5 40. exd5 Qd6 41. Nf5 Qd7 42. g4 Ne8 43. Qe3 Nd6 44. Qe5 Nxf5 45. gxf5 Kf8 46. d6 Qd8 47. Kg3 Qd7 48. f6 1-0

[Event "Wch Seniors 65 29th"]
[Site "Bucharest"]
[Date "2019.11.16"]
[Round "5"]
[White "Bowmer, Kevin"]
[Black "Zachariassen, John"]
[Result "1-0"]
[WhiteElo "2084"]
[BlackElo "1931"]
[PlyCount "78"]
[EventDate "2019.11.12"]
[EventType "swiss"]
[EventRounds "11"]
[EventCountry "ROU"]
[SourceTitle "CBM 193 Extra"]
[Source "ChessBase"]
[SourceDate "2020.01.31"]
[SourceVersion "1"]
[SourceVersionDate "2020.01.31"]
[SourceQuality "1"]

1. e4 d6 2. d4 Nf6 3. Nc3 c6 4. f4 Qc7 5. Nf3 Bg4 6. h3 Bxf3 7. Qxf3 e5 8. Be3 Nbd7 9. Bd3 a6 10. 0-0-0 b5 11. Rhf1 b4 12. Ne2 c5 13. dxe5 dxe5 14. Bc4 Nb6 15. Bd5 Nbxd5 16. exd5 e4 17. Qf2 Rd8 18. c4 Bd6 19. Kb1 0-0 20. g4 Nd7 21. Ng3 Rfe8 22. Qc2 b3 23. Qxb3 Rb8 24. Qc2 Rb4 25. Bd2 Rb7 26. Nxe4 Ra8 27. Nxd6 Qxd6 28. Rde1 Nb6 29. Re4 Qd7 30. b3 Nc8 31. Bc3 Nd6 32. Re2 a5 33. Rfe1 a4 34. Re3 a3 35. Be5 Ne8 36. g5 f6 37. gxf6 Qa4 38. fxg7 Qa6 39. Qe2 Qg6+ 1-0

[Event "Wch Seniors 65 29th"]
[Site "Bucharest"]
[Date "2019.11.13"]
[Round "2"]
[White "Zachariassen, John"]
[Black "Bancu, Constantin"]
[Result "1-0"]
[WhiteElo "1931"]
[BlackElo "1576"]
[PlyCount "27"]
[EventDate "2019.11.12"]
[EventType "swiss"]
[EventRounds "11"]
[EventCountry "ROU"]
[SourceTitle "CBM 193 Extra"]
[Source "ChessBase"]
[SourceDate "2020.01.31"]
[SourceVersion "1"]
[SourceVersionDate "2020.01.31"]
[SourceQuality "1"]

1. c4 e6 2. Nf3 b6 3. g3 Bb7 4. Bg2 Nf6 5. 0-0 Be7 6. Nc3 0-0 7. d3 c5 8. Rb1 d5 9. cxd5 Nxd5 10. Bd2 Nxc3 11. Bxc3 Nd7 12. a4 Bf6 13. Bxf6 Nxf6 14. Qb3 1-0

[Event "Aalborg Larsen Memorial"]
[Site "Aalborg"]
[Date "2018.10.17"]
[Round "5"]
[White "Zachariassen, John"]
[Black "Taksrud, Vidar"]
[Result "0-1"]
[WhiteElo "1911"]
[BlackElo "2040"]
[PlyCount "90"]
[EventDate "2018.10.13"]
[EventType "swiss"]
[EventRounds "7"]
[EventCountry "DEN"]
[SourceTitle "CBM 186 Extra"]
[Source "ChessBase"]
[SourceDate "2018.08.24"]
[SourceVersion "1"]
[SourceVersionDate "2018.08.24"]
[SourceQuality "1"]

1. c4 c5 2. Nf3 Nc6 3. Nc3 g6 4. g3 Bg7 5. Bg2 Nh6 6. 0-0 0-0 7. d3 Nf5 8. Rb1 d6 9. a3 Rb8 10. Bd2 Bd7 11. e3 a6 12. e4 Nfd4 13. Nxd4 cxd4 14. Ne2 Ne5 15. Be1 b5 16. b3 bxc4 17. dxc4 Qb6 18. Nxd4 Nxc4 19. Nc2 Ne5 20. Bc3 Bg4 21. Qd2 Rfc8 22. Bxe5 Bxe5 23. Ne3 Be6 24. Nd5 Bxd5 25. exd5 Rc3 26. b4 Rxa3 27. Rfc1 Qd4 28. Qxd4 Bxd4 29. Rc4 Rd3 30. Rc2 Rc3 31. Ra2 Rbc8 32. Bf1 Rc2 33. Rxc2 Rxc2 34. Bxa6 Rxf2 35. Kh1 Rb2 36. Rxb2 Bxb2 37. Kg2 e5 38. dxe6 fxe6 39. Kf3 Ba3 40. b5 Bc5 41. Bc8 Kf7 42. Ke4 Kf6 43. Bb7 Bg1 44. h3 Bh2 45. Kf3 Bg1 0-1

[Event "EU-ch Seniors 65 17th"]
[Site "Sabadell"]
[Date "2017.08.15"]
[Round "4"]
[White "Zachariassen, John"]
[Black "Halldorsson, Bragi"]
[Result "1/2-1/2"]
[WhiteElo "1952"]
[BlackElo "2116"]
[PlyCount "38"]
[EventDate "2017.08.12"]
[EventType "swiss"]
[EventRounds "9"]
[EventCountry "ESP"]
[SourceTitle "CBM 180 Extra"]
[Source "ChessBase"]
[SourceDate "2017.10.06"]
[SourceVersion "1"]
[SourceVersionDate "2017.10.06"]
[SourceQuality "1"]

1. c4 c5 2. Nf3 Nf6 3. g3 d5 4. cxd5 Nxd5 5. Bg2 Nc6 6. 0-0 e5 7. Nc3 Nc7 8. d3 Be7 9. Bd2 0-0 10. Re1 Be6 11. Qc1 h6 12. Ne4 b6 13. Bxh6 gxh6 14. Qxh6 Nd4 15. Nxe5 Nf5 16. Qh5 Ng7 17. Qh6 Nf5 18. Qh5 Ne8 19. Nc6 Qd7 1/2-1/2

[Event "Faxe Dags op"]
[Site "Faxe"]
[Date "2017.05.03"]
[Round "5"]
[White "Arnkilde, Anders"]
[Black "Zachariassen, John"]
[Result "1-0"]
[WhiteElo "2047"]
[BlackElo "1936"]
[PlyCount "71"]
[EventDate "2017.04.05"]
[EventType "swiss"]
[EventRounds "7"]
[EventCountry "DEN"]
[SourceTitle "EXT 2021"]
[Source "ChessBase"]
[SourceDate "2020.10.23"]
[SourceVersion "1"]
[SourceVersionDate "2020.10.23"]
[SourceQuality "1"]

1. e4 d6 2. d4 g6 3. Nc3 Bg7 4. Nf3 Nf6 5. Bd3 0-0 6. Be3 Ng4 7. Bg5 c6 8. h3 Nf6 9. Qd2 Re8 10. 0-0-0 a5 11. Bh6 Bh8 12. e5 dxe5 13. dxe5 Nd5 14. Bc4 Be6 15. Nxd5 cxd5 16. Bxd5 Qb6 17. Bxe6 Qxe6 18. Qd5 Qxd5 19. Rxd5 Nc6 20. Rb5 a4 21. a3 Na5 22. Rd1 f6 23. e6 Nc4 24. Rxb7 f5 25. Bf4 Ra6 26. Rb4 Rc8 27. Rxc4 Bxb2+ 28. Kxb2 Rxc4 29. Rd8+ Kg7 30. Be5+ Kh6 31. Nd4 Rb6+ 32. Kc1 f4 33. Bxf4+ Kh5 34. Rd5+ g5 35. Rxg5+ Kh4 36. Nf3# 1-0

[Event "Faxe Dags op"]
[Site "Faxe"]
[Date "2017.04.26"]
[Round "4"]
[White "Zachariassen, John"]
[Black "Heidelbach, John"]
[Result "1-0"]
[WhiteElo "1936"]
[BlackElo "1884"]
[PlyCount "131"]
[EventDate "2017.04.05"]
[EventType "swiss"]
[EventRounds "7"]
[EventCountry "DEN"]
[SourceTitle "EXT 2021"]
[Source "ChessBase"]
[SourceDate "2020.10.23"]
[SourceVersion "1"]
[SourceVersionDate "2020.10.23"]
[SourceQuality "1"]

1. c4 e5 2. g3 Nc6 3. Bg2 g6 4. Nc3 Bg7 5. d3 d6 6. Nf3 Nge7 7. Bd2 0-0 8. Qc1 Re8 9. 0-0 Nd4 10. Nxd4 exd4 11. Ne4 f5 12. Ng5 h6 13. Nf3 Kh7 14. h4 Nc6 15. Re1 a5 16. b3 Qf6 17. a3 Nd8 18. Rb1 Ne6 19. b4 axb4 20. axb4 Ra2 21. Ra1 Rxa1 22. Qxa1 g5 23. hxg5 hxg5 24. Qc1 f4 25. Nh2 Rf8 26. Be4+ Kg8 27. Ng4 Qe7 28. Kg2 Nd8 29. Bf3 Ne6 30. Rh1 c6 31. Nh6+ Bxh6 32. Rxh6 Qg7 33. Qh1 Rf6 34. Rxf6 Qxf6 35. Qh5 Kf8 36. Be4 Bd7 37. Qh7 Ke8 38. Qg6+ Ke7 39. Qxf6+ Kxf6 40. Bc1 Bc8 41. Bb2 c5 42. bxc5 dxc5 43. e3 fxe3 44. fxe3 Ke5 45. Bd5 b6 46. Kf3 Nf8 47. exd4+ cxd4 48. Bc1 g4+ 49. Kf2 Ne6 50. Ke2 Ba6 51. Bc6 Bc8 52. Bh6 Kd6 53. Be4 Nc5 54. Bf4+ Ke6 55. Bd5+ Ke7 56. Bg5+ Kd7 57. Bf6 Nb3 58. Kd1 Kd6 59. Kc2 Nc5 60. Bxd4 b5 61. Bg7 bxc4 62. dxc4 Bf5+ 63. Kc3 Ne4+ 64. Kd4 Ng5 65. c5+ Kc7 66. Ke5 1-0

[Event "EU-ch Seniors 65 16th"]
[Site "Yerevan"]
[Date "2016.06.08"]
[Round "4"]
[White "Zachariassen, John"]
[Black "Savolainen, Lev P"]
[Result "1/2-1/2"]
[WhiteElo "1956"]
[BlackElo "2107"]
[PlyCount "29"]
[EventDate "2016.06.05"]
[EventType "swiss"]
[EventRounds "9"]
[EventCountry "ARM"]
[SourceTitle "CBM 172 Extra"]
[Source "ChessBase"]
[SourceDate "2016.06.21"]
[SourceVersion "1"]
[SourceVersionDate "2016.06.21"]
[SourceQuality "1"]

1. c4 e6 2. Nf3 d5 3. g3 Nf6 4. Bg2 Be7 5. 0-0 0-0 6. b3 c5 7. cxd5 Nxd5 8. Bb2 Bf6 9. Nc3 Nc6 10. Qc1 b6 11. Re1 Bb7 12. Nxd5 Bxb2 13. Qxb2 Qxd5 14. Ne5 Qd6 15. Nxc6 1/2-1/2

[Event "EU-ch Seniors 65 16th"]
[Site "Yerevan"]
[Date "2016.06.07"]
[Round "3"]
[White "Muratoglu, Salih"]
[Black "Zachariassen, John"]
[Result "1-0"]
[WhiteElo "2053"]
[BlackElo "1956"]
[PlyCount "63"]
[EventDate "2016.06.05"]
[EventType "swiss"]
[EventRounds "9"]
[EventCountry "ARM"]
[SourceTitle "CBM 172 Extra"]
[Source "ChessBase"]
[SourceDate "2016.06.21"]
[SourceVersion "1"]
[SourceVersionDate "2016.06.21"]
[SourceQuality "1"]

1. d4 Nf6 2. c4 g6 3. Nc3 Bg7 4. e4 d6 5. Nf3 0-0 6. Bd3 Nc6 7. d5 Nb4 8. Bb1 a5 9. Bg5 h6 10. Bf4 e5 11. Bd2 Na6 12. Na4 Bd7 13. Bc2 Bxa4 14. Bxa4 Nxe4 15. Bxa5 Nac5 16. Bc2 Rxa5 17. b4 Ra7 18. bxc5 Nxc5 19. 0-0 Qe7 20. Qe1 Qd7 21. Bb3 f5 22. Rb1 Raa8 23. Qe2 g5 24. Qd2 Qd8 25. Ne1 e4 26. f3 Qf6 27. Qc2 Rad8 28. Rd1 g4 29. f4 h5 30. g3 Kh7 31. Ng2 Nd7 32. Qb1 1-0

[Event "EU-ch Seniors 65 16th"]
[Site "Yerevan"]
[Date "2016.06.06"]
[Round "2"]
[White "Zachariassen, John"]
[Black "Hoose, Hannelore"]
[Result "1-0"]
[WhiteElo "1956"]
[BlackElo "1746"]
[PlyCount "47"]
[EventDate "2016.06.05"]
[EventType "swiss"]
[EventRounds "9"]
[EventCountry "ARM"]
[SourceTitle "CBM 172 Extra"]
[Source "ChessBase"]
[SourceDate "2016.06.21"]
[SourceVersion "1"]
[SourceVersionDate "2016.06.21"]
[SourceQuality "1"]

1. c4 b6 2. Nf3 Bb7 3. Nc3 e6 4. g3 f5 5. Bg2 Nf6 6. 0-0 Be7 7. d3 0-0 8. a3 c5 9. Rb1 Bxf3 10. Bxf3 Nc6 11. Bg2 Rc8 12. e3 Ng4 13. h3 Nf6 14. b3 Ne8 15. d4 cxd4 16. exd4 Bf6 17. Be3 Ne7 18. Qd3 d6 19. Ne2 g6 20. b4 Nc7 21. b5 Bg7 22. f4 e5 23. fxe5 dxe5 24. d5 1-0

[Event "Faxe Dags op"]
[Site "Faxe"]
[Date "2016.04.20"]
[Round "4"]
[White "Petersen, Bent Wester"]
[Black "Zachariassen, John"]
[Result "1-0"]
[WhiteElo "1936"]
[BlackElo "1973"]
[PlyCount "136"]
[EventDate "2016.03.30"]
[EventType "swiss"]
[EventRounds "7"]
[EventCountry "DEN"]
[SourceTitle "EXT 2021"]
[Source "ChessBase"]
[SourceDate "2020.10.23"]
[SourceVersion "1"]
[SourceVersionDate "2020.10.23"]
[SourceQuality "1"]

1. d4 Nf6 2. c4 d6 3. Nf3 c6 4. Nc3 Nbd7 5. e4 e5 6. Be2 Be7 7. 0-0 Qc7 8. h3 0-0 9. Be3 Rd8 10. Rc1 Nf8 11. Qc2 Ng6 12. d5 Rf8 13. Rfd1 Nh5 14. Kh2 Ngf4 15. Bf1 f5 16. Qb3 c5 17. exf5 Bxf5 18. g4 Bg6 19. gxh5 Bxh5 20. Nd2 a6 21. Re1 Kh8 22. Ne2 g5 23. Ng3 Bg6 24. Qd1 Qd8 25. Nde4 Qe8 26. Bg2 h5 27. Bxf4 Rxf4 28. f3 Qf8 29. Qb3 b5 30. Ne2 Bxe4 31. fxe4 bxc4 32. Qxc4 Rf2 33. Rf1 h4 34. Rxf2 Qxf2 35. Qd3 Qf6 36. Rf1 Qg6 37. Rf5 Kg7 38. Bf3 a5 39. Bg4 a4 40. Qf3 Bf6 41. Nc3 Qf7 42. Bh5 Qe7 43. Qf1 Rb8 44. Nxa4 Rb4 45. Nc3 Rxb2+ 46. Rf2 Rb4 47. a4 Rb8 48. a5 Rf8 49. a6 g4 50. Bxg4 Ra8 51. Bf5 Bg5 52. Qb5 Ra7 53. Rg2 Kh6 54. Qb8 Bf4+ 55. Kh1 Bg3 56. Qh8+ Kg5 57. Qg8+ Qg7 58. Qxg7+ Rxg7 59. Nb5 Rg8 60. a7 Ra8 61. Ra2 Kf4 62. Nc7 Rxa7 63. Rxa7 Ke3 64. Kg2 c4 65. Nb5 Be1 66. Rc7 Kd3 67. Rc6 c3 68. Nxc3 Bxc3 1-0

[Event "Faxe Dags op"]
[Site "Faxe"]
[Date "2016.04.06"]
[Round "2"]
[White "Nielsen, Kurt Sogaard"]
[Black "Zachariassen, John"]
[Result "0-1"]
[WhiteElo "1794"]
[BlackElo "1973"]
[PlyCount "94"]
[EventDate "2016.03.30"]
[EventType "swiss"]
[EventRounds "7"]
[EventCountry "DEN"]
[SourceTitle "EXT 2021"]
[Source "ChessBase"]
[SourceDate "2020.10.23"]
[SourceVersion "1"]
[SourceVersionDate "2020.10.23"]
[SourceQuality "1"]

1. d4 Nf6 2. c4 d6 3. Nc3 Nbd7 4. Bg5 c6 5. Nf3 Qc7 6. e4 e5 7. d5 Be7 8. Be2 0-0 9. 0-0 Rd8 10. Qc2 Nf8 11. Nd2 Nxd5 12. Nxd5 cxd5 13. Bxe7 Qxe7 14. cxd5 Ng6 15. g3 Bh3 16. Rfc1 Rac8 17. Qd1 f5 18. exf5 Bxf5 19. Bg4 Qf7 20. Rxc8 Rxc8 21. Ne4 Rd8 22. Rc1 h6 23. Qf3 Bxg4 24. Qxg4 Nf8 25. Rc3 Kh8 26. Qh4 Qe8 27. Rc7 Rd7 28. Rc4 Nh7 29. Qg4 Nf8 30. Qf5 Qd8 31. g4 Kg8 32. g5 Rf7 33. Qc8 Qb6 34. gxh6 gxh6 35. b3 Kh7 36. Kf1 Qe3 37. Qg4 Qd3+ 38. Qe2 Qxd5 39. Qh5 Qd3+ 40. Kg2 Rg7+ 41. Ng3 Ne6 42. Kh3 Nf4+ 43. Rxf4 exf4 44. Qf5+ Qxf5+ 45. Nxf5 Rg6 46. Ne7 Rg5 47. Nc8 d5 0-1

[Event "Faxe Dags op"]
[Site "Faxe"]
[Date "2016.03.30"]
[Round "1"]
[White "Zachariassen, John"]
[Black "Jakobsen, Henning"]
[Result "1-0"]
[WhiteElo "1973"]
[BlackElo "1519"]
[PlyCount "69"]
[EventDate "2016.03.30"]
[EventType "swiss"]
[EventRounds "7"]
[EventCountry "DEN"]
[SourceTitle "EXT 2021"]
[Source "ChessBase"]
[SourceDate "2020.10.23"]
[SourceVersion "1"]
[SourceVersionDate "2020.10.23"]
[SourceQuality "1"]

1. c4 Nf6 2. Nf3 d6 3. g3 g6 4. Bg2 Nc6 5. d4 Bg7 6. 0-0 0-0 7. Nc3 Nd7 8. Rb1 e5 9. e3 Nb6 10. b3 Bg4 11. d5 Ne7 12. h3 Bxf3 13. Qxf3 f5 14. Qe2 e4 15. Bb2 Nd7 16. f3 Nc5 17. fxe4 fxe4 18. g4 Nd3 19. Ba1 Nc5 20. b4 Nd7 21. Nxe4 h6 22. Bb2 g5 23. Bxg7 Kxg7 24. Ng3 Kg8 25. Nf5 Nxf5 26. gxf5 Nf6 27. Rbe1 Re8 28. Bf3 Ne4 29. Bxe4 Rxe4 30. f6 Kf8 31. Qh5 Rh4 32. Qg6 Qd7 33. f7 Rxh3 34. Qg8+ Ke7 35. f8Q+ 1-0

[Event "DEN-ch G5-2"]
[Site "Svendborg"]
[Date "2016.03.26"]
[Round "3"]
[White "Raahauge, Lars"]
[Black "Zachariassen, John"]
[Result "1/2-1/2"]
[WhiteElo "1821"]
[BlackElo "1973"]
[PlyCount "71"]
[EventDate "2016.03.24"]
[EventType "swiss"]
[EventRounds "5"]
[EventCountry "DEN"]
[SourceTitle "EXT 2023"]
[Source "ChessBase"]
[SourceDate "2022.10.05"]
[SourceVersion "1"]
[SourceVersionDate "2022.10.05"]
[SourceQuality "1"]

1. e4 d6 2. d4 Nf6 3. Nc3 Nbd7 4. Nf3 e5 5. dxe5 dxe5 6. Bc4 Be7 7. 0-0 0-0 8. h3 c6 9. a4 Qc7 10. Qe2 Nc5 11. Bg5 Ne6 12. Be3 a5 13. Rfd1 h6 14. Nh2 Bb4 15. Qf3 Nf4 16. Ne2 Nxe2+ 17. Bxe2 Qe7 18. Nf1 Kh7 19. Ng3 g6 20. c3 Bd6 21. Rd2 Ng8 22. Rad1 Bc7 23. Bd3 Be6 24. Nf5 Qf6 25. Bc5 Rfd8 26. Ne3 Qxf3 27. gxf3 Bxh3 28. Nc4 Be6 29. Bb6 Bxb6 30. Nxb6 Rab8 31. Bc4 Rxd2 32. Rxd2 Bxc4 33. Nxc4 Re8 34. Rd7 Re7 35. Rxe7 Nxe7 36. Nxa5 1/2-1/2

[Event "Gibraltar Masters 14th"]
[Site "Caleta"]
[Date "2016.02.03"]
[Round "9"]
[White "Chidi, Lovinia Sylvia"]
[Black "Zachariassen, John"]
[Result "0-1"]
[WhiteElo "1780"]
[BlackElo "1958"]
[PlyCount "98"]
[EventDate "2016.01.26"]
[EventType "swiss"]
[EventRounds "10"]
[EventCountry "GGB"]
[SourceTitle "CBM 171"]
[Source "ChessBase"]
[SourceDate "2016.03.14"]
[SourceVersion "2"]
[SourceVersionDate "2016.03.14"]
[SourceQuality "1"]

1. e4 d6 2. d4 g6 3. c3 Bg7 4. Nf3 Nf6 5. Bd3 Nbd7 6. 0-0 e5 7. h3 0-0 8. Bg5 h6 9. Be3 Qe7 10. Nbd2 Kh7 11. Nh2 Rg8 12. f3 Nf8 13. d5 g5 14. g4 Ng6 15. Rf2 Nf4 16. Bxf4 gxf4 17. Kf1 Nd7 18. Ke1 Bf6 19. Ke2 Bh4 20. Rg2 Nf6 21. Qh1 Kh8 22. Kd1 c6 23. c4 Nh7 24. Nhf1 Ng5 25. Rh2 Qc7 26. Qg2 Qa5 27. Nb3 Qb6 28. Rc1 a5 29. Nfd2 a4 30. Na1 Qxb2 31. Nb1 Qd4 32. Qe2 Bd7 33. Nc2 Qc5 34. Ne1 a3 35. Nc3 Rgc8 36. Kd2 Qa5 37. Ng2 Bg3 38. Rhh1 cxd5 39. exd5 Rg8 40. h4 Nxf3+ 41. Qxf3 Bxg4 42. Qf1 f3 43. Kc2 f5 44. Ne3 e4 45. Bxe4 Be5 46. Nb5 fxe4 47. Rb1 Bd7 48. Rb3 Bxb5 49. cxb5 Rac8+ 0-1

[Event "Gibraltar Masters 14th"]
[Site "Caleta"]
[Date "2016.02.01"]
[Round "7"]
[White "Kandic, Milan"]
[Black "Zachariassen, John"]
[Result "1-0"]
[WhiteElo "2109"]
[BlackElo "1958"]
[PlyCount "41"]
[EventDate "2016.01.26"]
[EventType "swiss"]
[EventRounds "10"]
[EventCountry "GGB"]
[SourceTitle "CBM 171"]
[Source "ChessBase"]
[SourceDate "2016.03.14"]
[SourceVersion "2"]
[SourceVersionDate "2016.03.14"]
[SourceQuality "1"]

1. e4 g6 2. d4 Bg7 3. Be3 d6 4. Bc4 Nf6 5. f3 Nbd7 6. Qd2 c6 7. h4 h5 8. Nh3 b5 9. Bb3 Nb6 10. Ng5 d5 11. e5 Ng8 12. Qe2 Nh6 13. c3 0-0 14. Bc2 f6 15. Bxg6 fxg5 16. hxg5 Nf5 17. Bf2 h4 18. f4 Ng3 19. Bxg3 hxg3 20. Bh7+ Kf7 21. e6+ 1-0

[Event "Faxe Eftermiddag-A"]
[Site "Faxe"]
[Date "2015.09.30"]
[Round "3"]
[White "Zachariassen, John"]
[Black "Simonsen, Per"]
[Result "1-0"]
[WhiteElo "1902"]
[BlackElo "1897"]
[PlyCount "127"]
[EventDate "2015.09.16"]
[EventType "tourn"]
[EventRounds "5"]
[EventCountry "DEN"]
[SourceTitle "EXT 2018"]
[Source "ChessBase"]
[SourceDate "2017.10.13"]
[SourceVersion "1"]
[SourceVersionDate "2017.10.13"]
[SourceQuality "1"]

1. c4 e5 2. Nc3 Nf6 3. g3 c6 4. Bg2 d5 5. d3 Be6 6. b3 Bb4 7. Bd2 Qa5 8. Qc2 d4 9. Nb1 Nbd7 10. a3 Bxd2+ 11. Nxd2 0-0 12. b4 Qc7 13. Ngf3 Rae8 14. 0-0 Ng4 15. Ne4 h6 16. c5 f5 17. Nd6 Re7 18. Nh4 Kh7 19. h3 Ngf6 20. Nhxf5 Bxf5 21. Nxf5 Ref7 22. Nd6 Re7 23. Qc4 Ne8 24. Ne4 Ndf6 25. e3 Qd7 26. exd4 exd4 27. Rad1 g6 28. Rfe1 Ref7 29. f4 Ng7 30. Nd6 Nf5 31. Nxf5 gxf5 32. Bf3 Rg7 33. Kf2 Rfg8 34. Re6 Nd5 35. Rd6 Qe7 36. Qxd4 Rxg3 37. Bxd5 cxd5 38. Qe5 Rg2+ 39. Ke3 R8g3+ 40. Kd4 Qxe5+ 41. Kxe5 Rxh3 42. Rxd5 Re2+ 43. Kf6 Re8 44. Rd7+ Kh8 45. Kxf5 h5 46. Rf1 h4 47. Kg4 Rg3+ 48. Kxh4 Reg8 49. Rd5 R8g4+ 50. Kh5 Rg7 51. Rg5 Rxd3 52. Rxg7 Kxg7 53. Kg5 Rxa3 54. Rd1 Rg3+ 55. Kf5 Rb3 56. Rd7+ Kh6 57. Rxb7 a5 58. c6 axb4 59. Ke6 Rc3 60. Kd6 b3 61. c7 Rd3+ 62. Ke7 Rc3 63. Kd7 Rd3+ 64. Kc8 1-0

[Event "Faxe Dags op"]
[Site "Faxe"]
[Date "2015.05.27"]
[Round "7"]
[White "Zachariassen, John"]
[Black "Stuhr, Finn"]
[Result "0-1"]
[WhiteElo "1996"]
[BlackElo "1823"]
[PlyCount "80"]
[EventDate "2015.04.07"]
[EventType "swiss"]
[EventRounds "7"]
[EventCountry "DEN"]
[SourceTitle "EXT 2021"]
[Source "ChessBase"]
[SourceDate "2020.10.23"]
[SourceVersion "1"]
[SourceVersionDate "2020.10.23"]
[SourceQuality "1"]

1. Nf3 Nc6 2. g3 b6 3. Bg2 Bb7 4. 0-0 Nf6 5. d4 e6 6. c4 d5 7. b3 Be7 8. Bb2 Qd7 9. Nc3 0-0-0 10. Rc1 Kb8 11. cxd5 Nxd5 12. Nxd5 exd5 13. a3 Ba6 14. Qc2 Bb7 15. b4 h5 16. b5 Na5 17. Ne5 Qe6 18. Qxc7+ Ka8 19. Nc6 Bxc6 20. bxc6 Bd6 21. Qd7 Rxd7 22. cxd7 Nc4 23. Rxc4 Kb8 24. Rc2 h4 25. Rfc1 Qxd7 26. Bxd5 hxg3 27. hxg3 Bxg3 28. Bg2 Bd6 29. e4 Bh2+ 30. Kf1 Qb5+ 31. Re2 Bf4 32. Rb1 Qd3 33. Rbe1 Rh2 34. Kg1 Rh5 35. d5 Rg5 36. Kf1 Bd2 37. Bc1 Bxc1 38. Rxc1 Rxg2 39. Rce1 Qf3 40. d6 Rh2 0-1

[Event "Aalborg Larsen Memorial"]
[Site "Aalborg"]
[Date "2014.10.13"]
[Round "1"]
[White "Zachariassen, John"]
[Black "Borsos, Bogdan"]
[Result "1-0"]
[WhiteElo "1938"]
[BlackElo "2228"]
[PlyCount "91"]
[EventDate "2014.10.13"]
[EventType "swiss"]
[EventRounds "7"]
[EventCountry "DEN"]
[SourceTitle "EXT 2015"]
[Source "ChessBase"]
[SourceDate "2014.11.20"]
[SourceVersion "1"]
[SourceVersionDate "2014.11.20"]
[SourceQuality "1"]

1. c4 e6 2. Nf3 Nf6 3. g3 b6 4. Bg2 Bb7 5. 0-0 c5 6. Nc3 Be7 7. d3 d5 8. Bf4 0-0 9. Nb5 a6 10. Nc3 d4 11. Nb1 Nbd7 12. Na3 Re8 13. Nc2 Bf8 14. Re1 Ra7 15. Bd2 e5 16. b4 e4 17. dxe4 Nxe4 18. bxc5 bxc5 19. Rb1 Ndf6 20. Qc1 Nd6 21. Na3 Nfe4 22. Rb3 Nxd2 23. Qxd2 Be4 24. Bf1 h6 25. Rc1 Be7 26. Ne1 Bg5 27. f4 Bf6 28. Nd3 Bxd3 29. exd3 Nf5 30. Nc2 Ne3 31. Bh3 g5 32. Nxe3 dxe3 33. Qe2 gxf4 34. gxf4 Qd4 35. Rf1 Bh4 36. Kh1 Bf2 37. Rxf2 exf2 38. Qxe8+ Kh7 39. Qe4+ f5 40. Qxd4 cxd4 41. Kg2 Kg6 42. Kxf2 Rf7 43. Bg2 a5 44. c5 a4 45. Rb6+ Kh5 46. Bf3+ 1-0

[Event "Faxe anniversity"]
[Site "Faxe"]
[Date "2014.04.30"]
[Round "5"]
[White "Zachariassen, John"]
[Black "Christoffersen, Per"]
[Result "1-0"]
[WhiteElo "1860"]
[BlackElo "1588"]
[PlyCount "61"]
[EventDate "2014.03.26"]
[EventType "swiss"]
[EventRounds "7"]
[EventCountry "DEN"]
[SourceTitle "EXT 2023"]
[Source "ChessBase"]
[SourceDate "2022.10.05"]
[SourceVersion "1"]
[SourceVersionDate "2022.10.05"]
[SourceQuality "1"]

1. c4 e6 2. Nf3 Nf6 3. g3 d5 4. Bg2 g6 5. 0-0 Bg7 6. Qc2 0-0 7. d3 c6 8. Bg5 Qb6 9. Nbd2 Nbd7 10. Rab1 h6 11. Bf4 Re8 12. Ne5 Nh5 13. Nxd7 Bxd7 14. c5 Qd8 15. Bd6 e5 16. e4 d4 17. f4 exf4 18. gxf4 Qc8 19. Nc4 f6 20. Qf2 Bh3 21. f5 Bxg2 22. Qxg2 g5 23. Qg4 Nf4 24. Bxf4 gxf4 25. Nd6 Qd7 26. Qg6 Re5 27. b4 Rae8 28. Rxf4 R8e7 29. Rg4 Kh8 30. Kh1 b6 31. Nc4 1-0

[Event "Gibraltar Masters 12th"]
[Site "Caleta"]
[Date "2014.02.05"]
[Round "9"]
[White "Zachariassen, John"]
[Black "Skutta, Bernd"]
[Result "0-1"]
[WhiteElo "1894"]
[BlackElo "2048"]
[PlyCount "76"]
[EventDate "2014.01.28"]
[EventType "swiss"]
[EventRounds "10"]
[EventCountry "GGB"]
[SourceTitle "CBM 159"]
[Source "ChessBase"]
[SourceDate "2014.03.17"]
[SourceVersion "1"]
[SourceVersionDate "2014.03.17"]
[SourceQuality "1"]

1. c4 e5 2. g3 Nc6 3. Bg2 Nf6 4. Nc3 Bc5 5. d3 0-0 6. Nf3 h6 7. 0-0 Re8 8. e4 d6 9. h3 a6 10. a3 Bd7 11. Rb1 Nd4 12. Nxd4 Bxd4 13. Ne2 Ba7 14. Kh2 c6 15. Nc3 Qe7 16. f4 Rad8 17. Qf3 Nh7 18. f5 f6 19. h4 Rf8 20. b4 Be8 21. b5 axb5 22. cxb5 Bd4 23. Ne2 Bc5 24. a4 d5 25. Ng1 dxe4 26. dxe4 Bf7 27. bxc6 bxc6 28. Qc3 Rd4 29. Qf3 Rxa4 30. Rd1 Bd4 31. Bd2 c5 32. g4 Rfa8 33. Ne2 Ra3 34. Nc3 Qa7 35. Rbc1 Rb3 36. Bf1 Qa3 37. Qg3 Qb2 38. Qe1 Bxc3 0-1

[Event "Gibraltar Masters 12th"]
[Site "Caleta"]
[Date "2014.02.04"]
[Round "8"]
[White "Weichelt, Jens"]
[Black "Zachariassen, John"]
[Result "1-0"]
[WhiteElo "2116"]
[BlackElo "1894"]
[PlyCount "49"]
[EventDate "2014.01.28"]
[EventType "swiss"]
[EventRounds "10"]
[EventCountry "GGB"]
[SourceTitle "CBM 159"]
[Source "ChessBase"]
[SourceDate "2014.03.17"]
[SourceVersion "1"]
[SourceVersionDate "2014.03.17"]
[SourceQuality "1"]

1. d4 g6 2. c4 Bg7 3. Nc3 d6 4. e4 Nf6 5. f3 c6 6. Be3 Qc7 7. Bd3 Nbd7 8. Nge2 a6 9. Rc1 e5 10. 0-0 0-0 11. Qd2 Re8 12. Bc2 Rb8 13. b4 Qd8 14. Bb3 Qe7 15. Rfd1 Rf8 16. Na4 b5 17. Nb2 Bb7 18. dxe5 dxe5 19. cxb5 cxb5 20. Rc7 Rfc8 21. Bc5 Qe8 22. Rxd7 Nxd7 23. Qxd7 Qxd7 24. Rxd7 Rd8 25. Rxf7 1-0